LEADER 01466nam1 22003373i 450 001 SBL0137127 005 20251003044349.0 100 $a20050415d1962 ||||0itac50 ba 101 | $aita 102 $ait 181 1$6z01$ai $bxxxe 182 1$6z01$an 200 1 $aCommissione di studio per l'attuazione delle regioni a statuto normale 210 $aRoma$cIstituto poligrafico dello Stato 215 $a v.$d30 cm 300 $aIn testa ai front.: Presidenza del Consiglio dei ministri. 463 1$1001SBL0137128$12001 $aˆ1: ‰Relazioni e monografie di carattere generale$v1 463 1$1001SBL0137129$12001 $aˆ2: ‰Studi sulla finanza regionale e sulla legislazione comparata$v2 676 $a352$9AMMINISTRAZIONI LOCALI$v20 676 $a352$9CONSIDERAZIONI GENERALI DI AMMINISTRAZIONE PUBBLICA$v21 686 $aSe.i.13.0$cStoria dell'economia italiana. 1948-1962. Lo sviluppo repressivo$2F 710 02$aCommissione di studio per l'attuazione delle regioni a statuto normale$3SBLV082150$4070$0288855 801 3$aIT$bIT-000000$c20050415 850 $aIT-BN0095 $aIT-NA0079 901 $bNAP 01$cV $n$ 912 $aSBL0137127 950 1$aBiblioteca Centralizzata di Ateneo$d 01V (S) 1 099$d 01V (S) 1 100 967 $m2 977 $a 01$a AG$a BN 996 $aCommissione di studio per l'attuazione delle regioni a statuto normale$966997 997 $aUNISANNIO